| 000 | 00742nam a22002537a 4500 | ||
|---|---|---|---|
| 003 | OSt | ||
| 005 | 20220216120955.0 | ||
| 008 | 220211b |||||||| |||| 00| 0 eng d | ||
| 020 | _aT252 | ||
| 040 | _cSTCPL | ||
| 041 | _aENG | ||
| 082 |
_a820 _bSEB-A |
||
| 100 | _aSebin Justine | ||
| 110 | _aGuided by P.J. George | ||
| 111 | _aMahatma Gandhi University Kottayam, Research Center in English, St Thomas College Palai | ||
| 245 |
_aAngst and anger : _bA gynocritical study of Toni Morrison's novels / _cby Sebin Justine |
||
| 260 |
_aPala : _cApril 2018 |
||
| 300 |
_a289 p. _bHB |
||
| 650 | _aEnglish | ||
| 856 | _uhttps://shodhganga.inflibnet.ac.in/handle/10603/273554 | ||
| 942 | _cTHE | ||
| 942 |
_n0 _2ddc |
||
| 942 |
_2ddc _n0 |
||
| 999 |
_c75609 _d75609 |
||